[Event "Montigny le Bretonneux-C 11th"]
[Site "Montigny le Bretonneux"]
[Date "2012.10.29"]
[Round "3"]
[White "Engel, Gerard"]
[Black "Urtado, Olivier"]
[Result "0-1"]
[WhiteElo "1684"]
[BlackElo "1626"]
[PlyCount "124"]
[EventDate "2012.10.27"]
[EventType "tourn"]
[EventRounds "9"]
[EventCountry "FRA"]
[SourceTitle "EXT 2014"]
[Source "ChessBase"]
[SourceDate "2013.11.20"]
[SourceVersion "1"]
[SourceVersionDate "2013.11.20"]
[SourceQuality "1"]

1. e4 c5 2. Nc3 e6 3. f4 d5 4. Bb5+ Nc6 5. Bxc6+ bxc6 6. Nf3 Ba6 7. d3 c4 8. 0-0 Be7 9. Kh1 Nf6 10. e5 Nd7 11. d4 c5 12. Ne2 Qc7 13. c3 h6 14. Qe1 Bb7 15. Ng3 g6 16. Ne2 Bc6 17. Qg3 Rb8 18. Nh4 Bxh4 19. Qxh4 Qd8 20. Qh3 h5 21. Rb1 a5 22. dxc5 Nxc5 23. Nd4 Bd7 24. b4 axb4 25. cxb4 Ne4 26. a3 Qc8 27. Nf3 c3 28. Ng5 Qc4 29. Qf3 c2 30. Ra1 Nc3 31. Re1 d4 32. Ne4 Nxe4 33. Qxe4 Bc6 34. Qe2 Qxe2 35. Rxe2 Ba4 36. Ra2 d3 37. Rd2 Rd8 38. Kg1 Rd4 39. g3 Ke7 40. Kf2 Rhd8 41. Ke3 f5 42. exf6+ Kxf6 43. Rb2 Kf5 44. b5 Re4+ 45. Kf2 Re2+ 46. Kf1 Rd4 47. Rb4 Rxb4 48. axb4 Bxb5 49. h3 Ke4 50. Rxe2+ dxe2+ 51. Kf2 Kd3 52. g4 hxg4 53. hxg4 Kc3 54. Ke1 Kxb4 55. Bd2+ Kb3 56. Bc1 Ka2 57. Kd2 Kb1 58. Ba3 e1Q+ 59. Kxe1 c1Q+ 60. Bxc1 Kxc1 61. Kf2 Kd2 62. f5 exf5 0-1

[Event "Yvelines-ch"]
[Site "Fontenay le Fleury"]
[Date "2012.02.18"]
[Round "2"]
[White "Chaillot, Alain"]
[Black "Urtado, Olivier"]
[Result "1-0"]
[WhiteElo "2055"]
[BlackElo "1449"]
[PlyCount "71"]
[EventDate "2012.02.18"]
[EventType "swiss"]
[EventRounds "7"]
[EventCountry "FRA"]
[SourceTitle "EXT 2013"]
[Source "ChessBase"]
[SourceDate "2012.11.22"]
[SourceVersion "1"]
[SourceVersionDate "2012.11.22"]
[SourceQuality "1"]

1. c4 e6 2. g3 c5 3. Bg2 Nc6 4. Nc3 Nf6 5. Nf3 Be7 6. 0-0 0-0 7. d3 a6 8. Nd2 Rb8 9. a4 Nb4 10. Nde4 d5 11. Bf4 Ra8 12. Nxf6+ Bxf6 13. cxd5 exd5 14. Rc1 Be7 15. d4 cxd4 16. Qxd4 Be6 17. Rfd1 Nc6 18. Qd2 d4 19. Ne4 Bb3 20. Re1 Bxa4 21. Nc5 Bxc5 22. Rxc5 Qf6 23. Rd5 Rad8 24. Bg5 Qe6 25. Bxd8 Nxd8 26. Qxd4 Qf6 27. Qxa4 Qxb2 28. Qd4 Qxd4 29. Rxd4 Ne6 30. Rd7 b5 31. Ra7 Nc5 32. Rc1 Nb3 33. Rc3 Nd4 34. Kf1 b4 35. Rd3 Nc6 36. Bxc6 1-0

[Event "Elancourt op"]
[Site "Elancourt"]
[Date "2010.04.29"]
[Round "6"]
[White "Urtado, Olivier"]
[Black "Glorieux, Francois"]
[Result "0-1"]
[WhiteElo "1660"]
[BlackElo "1399"]
[PlyCount "64"]
[EventDate "2010.04.25"]
[EventType "swiss"]
[EventRounds "9"]
[EventCountry "FRA"]
[SourceTitle "CBM 136 Extra"]
[Source "ChessBase"]
[SourceDate "2010.07.02"]
[SourceVersion "2"]
[SourceVersionDate "2010.07.15"]
[SourceQuality "1"]

1. e4 c5 2. Nf3 a6 3. d4 cxd4 4. Nxd4 e5 5. Nb3 Nf6 6. Nc3 Bb4 7. Bd3 d5 8. a3 Bxc3+ 9. bxc3 dxe4 10. Be2 Qc7 11. 0-0 Qxc3 12. Bg5 Nbd7 13. f4 exf4 14. Bxf4 0-0 15. Kh1 b5 16. Bg5 Bb7 17. Nd4 h6 18. Bxf6 Nxf6 19. Rxf6 Rad8 20. Rb6 Rxd4 21. Qg1 Ba8 22. Rxa6 Rd2 23. Bxb5 Rxg2 24. Qe1 Qxc2 25. Qh4 e3 26. Rxa8 Rxa8 27. Qf4 Rf2 28. Qe5 Rf5 29. Qxe3 Rxb5 30. Qf3 Rb2 31. Qxa8+ Kh7 32. Kg1 Qf2+ 0-1

[Event "Elancourt op"]
[Site "Elancourt"]
[Date "2010.04.27"]
[Round "4"]
[White "Urtado, Olivier"]
[Black "Sancey, Frederic"]
[Result "1-0"]
[WhiteElo "1660"]
[BlackElo "1050"]
[PlyCount "35"]
[EventDate "2010.04.25"]
[EventType "swiss"]
[EventRounds "9"]
[EventCountry "FRA"]
[SourceTitle "CBM 136 Extra"]
[Source "ChessBase"]
[SourceDate "2010.07.02"]
[SourceVersion "2"]
[SourceVersionDate "2010.07.15"]
[SourceQuality "1"]

1. e4 e5 2. Nc3 Nc6 3. Bc4 Bc5 4. Nf3 Nf6 5. Ng5 d5 6. exd5 Nxd5 7. Nxf7 Kxf7 8. Qf3+ Ke8 9. Nxd5 Nd4 10. Qh5+ g6 11. Qxe5+ Be6 12. Qxh8+ Kd7 13. Qg7+ Kc8 14. 0-0 Ne2+ 15. Bxe2 Qxd5 16. Bf3 Qg5 17. d4 Bd6 18. Bxg5 1-0

[Event "Montigny le Bretonneux op"]
[Site "Montigny le Bretonneux"]
[Date "2004.05.23"]
[Round "7"]
[White "Couradin, Bruno"]
[Black "Urtado, Olivier"]
[Result "1/2-1/2"]
[WhiteElo "1630"]
[BlackElo "1740"]
[PlyCount "73"]
[EventDate "2004.05.20"]
[EventType "swiss"]
[EventRounds "9"]
[EventCountry "FRA"]
[SourceTitle "EXT 2007"]
[Source "ChessBase"]
[SourceDate "2006.11.23"]
[SourceVersion "1"]
[SourceVersionDate "2006.11.23"]
[SourceQuality "1"]

1. e4 d6 2. d4 g6 3. f4 Bg7 4. Nf3 Nf6 5. Bd3 0-0 6. 0-0 Na6 7. a3 c5 8. c3 b5 9. Bxb5 Qb6 10. Bd3 Bg4 11. Nbd2 Rfd8 12. h3 Bd7 13. Qe2 Nh5 14. Bxa6 Nxf4 15. Qc4 cxd4 16. cxd4 Rab8 17. Kh1 Ne6 18. a4 Nc7 19. a5 Qxa6 20. Qxc7 Rb7 21. Qc3 Rc8 22. Qe3 Rbc7 23. Rd1 Qb5 24. b3 Qh5 25. Qf2 Rc3 26. Bb2 Rc2 27. Rab1 Bh6 28. Qg3 Qxa5 29. Nc4 Qb4 30. Ne1 Re2 31. Bc3 Qb7 32. e5 Qe4 33. exd6 Rxc4 34. bxc4 Re3 35. Qf2 Rxh3+ 36. Kg1 Be3 37. Rb8+ 1/2-1/2

[Event "Montigny le Bretonneux Noel op 06th"]
[Site "Montigny le Bretonneux"]
[Date "2003.12.28"]
[Round "4"]
[White "Urtado, Olivier"]
[Black "Miolane, Leo"]
[Result "1-0"]
[WhiteElo "1730"]
[BlackElo "1300"]
[PlyCount "79"]
[EventDate "2003.12.26"]
[EventType "swiss"]
[EventRounds "6"]
[EventCountry "FRA"]
[SourceTitle "CBM 097 Extra"]
[Source "ChessBase"]
[SourceDate "2004.01.13"]
[SourceVersion "1"]
[SourceVersionDate "2004.01.13"]
[SourceQuality "1"]

1. d4 Nf6 2. c4 e6 3. Nc3 Bb4 4. Qc2 d5 5. e3 0-0 6. Nf3 b6 7. Bd2 Bb7 8. cxd5 Nxd5 9. Bd3 g6 10. h4 h5 11. Bxg6 fxg6 12. Qxg6+ Kh8 13. Qxh5+ Kg8 14. Qg6+ Kh8 15. Ng5 Qe7 16. Rh3 Rf6 17. Qh5+ Kg8 18. Nxe6 Qxe6 19. Rg3+ Kf8 20. Qh8+ Ke7 21. Nxd5+ Qxd5 22. Bxb4+ c5 23. Rg7+ Rf7 24. Rxf7+ Kxf7 25. Qh7+ Ke6 26. Qg6+ Ke7 27. dxc5 bxc5 28. Qg7+ Kd6 29. Qf6+ Kd7 30. Ba5 Nc6 31. Qg7+ Ne7 32. Rd1 Rg8 33. Rxd5+ Bxd5 34. Qe5 Rxg2 35. Qc7+ Ke6 36. Qxc5 Bxa2 37. Bd8 Nd5 38. e4 Rg1+ 39. Kd2 Nf4 40. Qe7# 1-0

[Event "Montigny le Bretonneux-A 2nd"]
[Site "Montigny le Bretonneux"]
[Date "2003.10.31"]
[Round "8"]
[White "Urtado, Olivier"]
[Black "Couronne, Patrice"]
[Result "1-0"]
[WhiteElo "1730"]
[BlackElo "1710"]
[PlyCount "83"]
[EventDate "2003.10.??"]
[EventType "swiss"]
[EventRounds "9"]
[EventCountry "FRA"]
[SourceTitle "EXT 2005"]
[Source "ChessBase"]
[SourceDate "2004.11.15"]
[SourceVersion "1"]
[SourceVersionDate "2004.11.15"]
[SourceQuality "1"]

1. b3 e5 2. Bb2 Nc6 3. c4 Nf6 4. g3 d6 5. Bg2 Bg4 6. Nc3 Qd7 7. d3 Be7 8. h3 Bf5 9. g4 Bg6 10. Nf3 h6 11. Qd2 a6 12. 0-0-0 0-0-0 13. Qe3 Rhe8 14. d4 exd4 15. Nxd4 Nxd4 16. Qxd4 Kb8 17. b4 Ng8 18. Nd5 Qa4 19. e4 Bf6 20. Nxf6 Nxf6 21. Rhe1 Qxb4 22. f4 Nd7 23. f5 Bh7 24. Re3 Ne5 25. Bf1 f6 26. Ba3 Qa4 27. Rd2 c5 28. Qc3 Bg8 29. Rc2 Rc8 30. Qb3 Qa5 31. Bb2 b5 32. Bxe5 dxe5 33. Rb2 Ka7 34. Qc2 b4 35. Rbb3 Red8 36. a3 Rd4 37. h4 Rcd8 38. Be2 Rd2 39. Qb1 R8d4 40. axb4 Bxc4 41. bxa5 Bb5 42. Rxb5 1-0

[Event "Montigny le Bretonneux-A 2nd"]
[Site "Montigny le Bretonneux"]
[Date "2003.10.30"]
[Round "7"]
[White "Couronne, Patrice"]
[Black "Urtado, Olivier"]
[Result "0-1"]
[WhiteElo "1710"]
[BlackElo "1730"]
[PlyCount "56"]
[EventDate "2003.10.??"]
[EventType "swiss"]
[EventRounds "9"]
[EventCountry "FRA"]
[SourceTitle "EXT 2005"]
[Source "ChessBase"]
[SourceDate "2004.11.15"]
[SourceVersion "1"]
[SourceVersionDate "2004.11.15"]
[SourceQuality "1"]

1. b3 d5 2. Bb2 e6 3. e3 Nf6 4. Nf3 b6 5. Be2 Bb7 6. 0-0 c5 7. Bb5+ Nc6 8. Ne5 Qc7 9. Qf3 Be7 10. Ng4 a6 11. Be5 Qd8 12. Bxc6+ Bxc6 13. c4 Rc8 14. Nxf6+ gxf6 15. Bb2 Rg8 16. Qe2 d4 17. f3 d3 18. Qf2 f5 19. Nc3 h5 20. Nd1 Bh4 21. g3 Qd6 22. f4 Bb7 23. a3 Qc6 24. Qf3 Qxf3 25. Rxf3 Bxf3 26. Nf2 Bxg3 27. hxg3 Rxg3+ 28. Kf1 Be2+ 0-1

[Event "Montigny le Bretonneux Noel op 05th"]
[Site "Montigny le Bretonneux"]
[Date "2002.12.30"]
[Round "6.12"]
[White "Urtado, Olivier"]
[Black "Pantelic, Dimitry"]
[Result "1/2-1/2"]
[WhiteElo "1680"]
[BlackElo "1820"]
[PlyCount "52"]
[EventDate "2002.12.??"]
[EventType "swiss"]
[EventRounds "7"]
[EventCountry "FRA"]
[SourceTitle "EXT 2004"]
[Source "ChessBase"]
[SourceDate "2003.11.25"]
[SourceVersion "1"]
[SourceVersionDate "2003.11.25"]
[SourceQuality "1"]

1. b3 Nf6 2. Bb2 e6 3. e3 g6 4. Nf3 Bg7 5. c4 0-0 6. d4 b6 7. Nc3 Bb7 8. Qc2 d6 9. a3 Nbd7 10. Bd3 c5 11. 0-0-0 a6 12. h4 cxd4 13. exd4 Bxf3 14. gxf3 Nh5 15. Be4 Rb8 16. Kb1 f5 17. Bd3 Bxd4 18. Bxf5 Rxf5 19. Rxd4 Ne5 20. Rhd1 Rxf3 21. Rxd6 Qxh4 22. Ne4 Nf7 23. Rxe6 Qg4 24. Rc6 Re8 25. Rxb6 Rf4 26. Nd6 Rxf2 1/2-1/2

[Event "Montigny le Bretonneux Noel op 05th"]
[Site "Montigny le Bretonneux"]
[Date "2002.12.29"]
[Round "5.9"]
[White "Jean, Robert"]
[Black "Urtado, Olivier"]
[Result "1/2-1/2"]
[WhiteElo "1860"]
[BlackElo "1680"]
[PlyCount "101"]
[EventDate "2002.12.??"]
[EventType "swiss"]
[EventRounds "7"]
[EventCountry "FRA"]
[SourceTitle "EXT 2004"]
[Source "ChessBase"]
[SourceDate "2003.11.25"]
[SourceVersion "1"]
[SourceVersionDate "2003.11.25"]
[SourceQuality "1"]

1. c4 d6 2. d4 e5 3. e4 exd4 4. Qxd4 Nc6 5. Qd1 g6 6. Nc3 Bg7 7. Be3 Nge7 8. f4 0-0 9. Nf3 Be6 10. Qd2 Na5 11. Nd5 b6 12. Bd4 Nec6 13. Bxg7 Kxg7 14. Qc3+ f6 15. b4 Nb7 16. Bd3 a5 17. b5 Nb4 18. Nxb4 axb4 19. Qxb4 Nc5 20. Bc2 Ra4 21. Qd2 Rxc4 22. 0-0 Nxe4 23. Qe2 f5 24. Bb3 d5 25. Bxc4 dxc4 26. Rfd1 Qf6 27. Qc2 Nc3 28. Re1 Nxb5 29. Rad1 c3 30. Ne5 c5 31. a4 Nd4 32. Qxc3 Ra8 33. Rb1 Bc8 34. Ra1 Ba6 35. Qb2 Qd6 36. Rab1 Rb8 37. Qf2 Bb7 38. Nc4 Qc7 39. Rxb6 Be4 40. Rxb8 Qxb8 41. Qb2 Qxf4 42. a5 Qh4 43. Ra1 Qf6 44. Re1 Bd5 45. Qc1 Bxg2 46. Kxg2 Qc6+ 47. Kg1 Qf3 48. Re7+ Kf6 49. Qe3 Qg4+ 50. Kf2 Qh4+ 51. Kg2 1/2-1/2

[Event "Montigny le Bretonneux op 1st"]
[Site "Montigny le Bretonneux"]
[Date "2002.10.30"]
[Round "6"]
[White "Urtado, Olivier"]
[Black "Gilles de la Londe, Jean Francois"]
[Result "1/2-1/2"]
[WhiteElo "1680"]
[BlackElo "1660"]
[PlyCount "94"]
[EventDate "2002.10.25"]
[EventType "swiss"]
[EventRounds "9"]
[EventCountry "FRA"]
[SourceTitle "EXT 2008"]
[Source "ChessBase"]
[SourceDate "2007.11.25"]
[SourceVersion "1"]
[SourceVersionDate "2007.11.25"]
[SourceQuality "1"]

1. e4 c5 2. Ne2 d6 3. d4 cxd4 4. Nxd4 Nf6 5. Nc3 a6 6. Be3 e6 7. f3 b5 8. Qd2 Be7 9. 0-0-0 0-0 10. g4 Nfd7 11. g5 Bb7 12. h4 g6 13. h5 Nc5 14. hxg6 fxg6 15. Qh2 Rf7 16. b4 Bxg5 17. f4 Bxf4 18. Bxf4 e5 19. bxc5 exf4 20. Ne6 Qf6 21. Rxd6 Nc6 22. Kd2 Ne5 23. Nd4 Qg5 24. Rg1 Ng4 25. Nf3 Qxc5 26. Rxg6+ hxg6 27. Rxg4 Qe3+ 28. Kd1 Rd8+ 29. Nd2 Qf3+ 30. Qe2 Qxc3 31. Rxg6+ Kf8 32. Qg2 Rg7 33. Bd3 Rdd7 34. Qg4 Rxg6 35. Qxg6 Qg7 36. Qf5+ Rf7 37. Qc5+ Kg8 38. Nf3 Qg4 39. Qg5+ Qxg5 40. Nxg5 Rg7 41. Ne6 Rg1+ 42. Ke2 f3+ 43. Kxf3 Ra1 44. Nc5 Bc8 45. c4 Rxa2 46. cxb5 axb5 47. Bxb5 Kg7 1/2-1/2

[Event "Montigny le Bretonneux op 1st"]
[Site "Montigny le Bretonneux"]
[Date "2002.10.28"]
[Round "4"]
[White "Urtado, Olivier"]
[Black "Larramendy, Pierre"]
[Result "1-0"]
[WhiteElo "1680"]
[BlackElo "1700"]
[PlyCount "73"]
[EventDate "2002.10.25"]
[EventType "swiss"]
[EventRounds "9"]
[EventCountry "FRA"]
[SourceTitle "EXT 2008"]
[Source "ChessBase"]
[SourceDate "2007.11.25"]
[SourceVersion "1"]
[SourceVersionDate "2007.11.25"]
[SourceQuality "1"]

1. e4 c5 2. Nf3 Nc6 3. d4 cxd4 4. Nxd4 g6 5. Nc3 Bg7 6. Be3 Nf6 7. f3 Qa5 8. Nb3 Qd8 9. Qd2 0-0 10. 0-0-0 d6 11. Bh6 Be6 12. h4 Bxb3 13. cxb3 Qa5 14. Bc4 Ne5 15. Bd5 Nxd5 16. exd5 Rac8 17. Bxg7 Kxg7 18. h5 Rh8 19. h6+ Kg8 20. Kb1 Qc7 21. Rc1 Qd7 22. Qd4 f6 23. Ne4 Kf7 24. f4 Ng4 25. Ng5+ Ke8 26. Rxc8+ Qxc8 27. Ne6 Rg8 28. Qxa7 Kf7 29. Rc1 Qb8 30. Qa4 Rc8 31. Qd7 Rxc1+ 32. Kxc1 Qa7 33. Nd8+ Kf8 34. Qxg4 Qe3+ 35. Kd1 Qg1+ 36. Ke2 Qd4 37. Ne6+ 1-0

[Event "Montigny le Bretonneux op 1st"]
[Site "Montigny le Bretonneux"]
[Date "2002.10.26"]
[Round "2"]
[White "Couronne, Patrice"]
[Black "Urtado, Olivier"]
[Result "0-1"]
[WhiteElo "1640"]
[BlackElo "1680"]
[PlyCount "88"]
[EventDate "2002.10.25"]
[EventType "swiss"]
[EventRounds "9"]
[EventCountry "FRA"]
[SourceTitle "EXT 2008"]
[Source "ChessBase"]
[SourceDate "2007.11.25"]
[SourceVersion "1"]
[SourceVersionDate "2007.11.25"]
[SourceQuality "1"]

1. e4 c5 2. Nc3 d6 3. f4 g6 4. Nf3 Nc6 5. d3 Bg7 6. g3 e6 7. Bg2 Nge7 8. 0-0 0-0 9. Be3 Nd4 10. Rb1 Nec6 11. Ne2 Nxf3+ 12. Bxf3 Nd4 13. Bg2 f5 14. c3 Nc6 15. e5 dxe5 16. Bxc5 Rf7 17. Qc2 exf4 18. Nxf4 g5 19. Ne2 Ne5 20. Rbd1 Rd7 21. Bd4 Ng4 22. Qd2 e5 23. Bf2 a5 24. h3 Nxf2 25. Rxf2 e4 26. d4 Rf7 27. Rdf1 Qe7 28. Qe3 Ra6 29. b3 h6 30. d5 Raf6 31. c4 Qd6 32. Nc3 Bf8 33. Ne2 Qc5 34. Qc3 Qb4 35. Qxb4 Bxb4 36. Nd4 Bc5 37. Rd1 e3 38. Re2 f4 39. Bf3 fxg3 40. Bg4 Bxg4 41. hxg4 Bxd4 42. Rxd4 Rf1+ 43. Kg2 R1f2+ 44. Rxf2 gxf2 0-1

[Event "Saint Quentin op 5th"]
[Site "Saint Quentin"]
[Date "2002.??.??"]
[Round "1"]
[White "Becquart, Julien"]
[Black "Urtado, Olivier"]
[Result "1-0"]
[WhiteElo "2126"]
[BlackElo "1680"]
[PlyCount "59"]
[EventDate "2002.04.21"]
[EventType "swiss"]
[EventRounds "9"]
[EventCountry "FRA"]
[SourceTitle "CBM 088 Extra"]
[Source "ChessBase"]
[SourceDate "2002.07.01"]
[SourceVersion "2"]
[SourceVersionDate "2002.07.01"]
[SourceQuality "1"]

1. e4 c5 2. Nf3 d6 3. d4 cxd4 4. Nxd4 Nf6 5. Nc3 g6 6. Be3 Bg7 7. f3 Nc6 8. Qd2 0-0 9. Bc4 Bd7 10. 0-0-0 Rc8 11. Bb3 Ne5 12. h4 Nc4 13. Bxc4 Rxc4 14. h5 Qa5 15. Nb3 Qc7 16. g4 Rc8 17. e5 Nxg4 18. fxg4 Bxg4 19. Rdg1 Bxe5 20. hxg6 fxg6 21. Bd4 Rxc3 22. Bxc3 Bf5 23. Nd4 Qc4 24. Nxf5 Bf4 25. Ne3 Qxa2 26. Qd3 Qe6 27. Re1 Rc5 28. Kb1 Qd7 29. Nd5 Bg3 30. Nxe7+ 1-0

[Event "Paris Apsap 61mn KO op 34th"]
[Site "Paris"]
[Date "2002.??.??"]
[Round "1"]
[White "Laurence, Christophe"]
[Black "Urtado, Olivier"]
[Result "1-0"]
[WhiteElo "2151"]
[BlackElo "1780"]
[PlyCount "49"]
[EventDate "2002.08.18"]
[EventType "swiss (rapid)"]
[EventRounds "7"]
[EventCountry "FRA"]
[SourceTitle "EXT 2003"]
[Source "ChessBase"]
[SourceDate "2002.11.25"]
[SourceVersion "1"]
[SourceVersionDate "2002.11.25"]
[SourceQuality "1"]

1. e4 d6 2. d4 g6 3. Nf3 Bg7 4. Be3 Nc6 5. Qd2 e5 6. dxe5 Nxe5 7. Nxe5 Bxe5 8. Nc3 f5 9. f4 Bg7 10. 0-0-0 fxe4 11. Nxe4 Ne7 12. Bc4 Bg4 13. Bd4 Nf5 14. Bxg7 Nxg7 15. Rde1 Kd7 16. Qc3 Nh5 17. h3 Bf5 18. Ng5 Qf6 19. g4 Bxg4 20. Qxf6 Nxf6 21. hxg4 Rhe8 22. Be6+ Kc6 23. Nxh7 Nxh7 24. Rxh7 d5 25. Bd7+ 1-0